Software process definition and management / (Record no. 22333)
[ view plain ]
| 000 -LEADER | |
|---|---|
| fixed length control field | 01157cam a22002775a 4500 |
| 001 - CONTROL NUMBER | |
| control field | 17231385 |
| 005 - DATE AND TIME OF LATEST TRANSACTION | |
| control field | 20160907153833.0 |
| 008 - FIXED-LENGTH DATA ELEMENTS--GENERAL INFORMATION | |
| fixed length control field | 120329t2012 gw a frb 001 0 eng d |
| 020 ## - INTERNATIONAL STANDARD BOOK NUMBER | |
| International Standard Book Number | 9783642242908 |
| 040 ## - CATALOGING SOURCE | |
| Original cataloging agency | BTCTA |
| Language of cataloging | eng |
| Transcribing agency | BTCTA |
| Modifying agency | UKMGB |
| -- | BWX |
| -- | YDXCP |
| -- | IXA |
| -- | CDX |
| -- | IEDUB |
| -- | TXI |
| -- | BET |
| -- | DLC |
| -- | EG-ScBUE |
| 082 04 - DEWEY DECIMAL CLASSIFICATION NUMBER | |
| Classification number | 005.1 |
| Edition number | 22 |
| Item number | SOF |
| 245 00 - TITLE STATEMENT | |
| Title | Software process definition and management / |
| Statement of responsibility, etc | Jurgen Munch ... [et al.] |
| 260 ## - PUBLICATION, DISTRIBUTION, ETC. (IMPRINT) | |
| Place of publication, distribution, etc | Heidelberg : |
| Name of publisher, distributor, etc | Springer, |
| Date of publication, distribution, etc | c.2012. |
| 300 ## - PHYSICAL DESCRIPTION | |
| Extent | xx, 235 p. : |
| Other physical details | ill. ; |
| Dimensions | 25 cm. |
| 490 0# - Series Statement | |
| Series statement | Fraunhofer IESE series on software and systems engineering. |
| 500 ## - GENERAL NOTE | |
| General note | Index : p. 233-235. |
| 504 ## - BIBLIOGRAPHY, ETC. NOTE | |
| Bibliography, etc | Includes bibliographical references. |
| 505 0# - FORMATTED CONTENTS NOTE | |
| Formatted contents note | Prescriptive process models -- Descriptive process models -- Process modeling notations and tools -- Process improvement -- Empirical studies -- Software process simulation. |
| 650 #7 - SUBJECT ADDED ENTRY--TOPICAL TERM | |
| Topical term or geographic name as entry element | Computer software |
| General subdivision | Development |
| -- | Management. |
| Source of heading or term | BUEsh |
| 9 (RLIN) | 4806 |
| 650 #7 - SUBJECT ADDED ENTRY--TOPICAL TERM | |
| Topical term or geographic name as entry element | Software engineering. |
| Source of heading or term | BUEsh |
| 9 (RLIN) | 3832 |
| 650 #7 - SUBJECT ADDED ENTRY--TOPICAL TERM | |
| Topical term or geographic name as entry element | Software engineering |
| General subdivision | Management. |
| Source of heading or term | BUEsh |
| 9 (RLIN) | 11290 |
| 651 ## - SUBJECT ADDED ENTRY--GEOGRAPHIC NAME | |
| Source of heading or term | BUEsh |
| 653 ## - INDEX TERM--UNCONTROLLED | |
| Resource For college | Informatics and Computer Science |
| Arrived date list | September2016 |
| 700 1# - ADDED ENTRY--PERSONAL NAME | |
| Personal name | Munch, Jurgen, |
| Dates associated with a name | 1968- |
| 942 ## - ADDED ENTRY ELEMENTS (KOHA) | |
| Source of classification or shelving scheme | Dewey Decimal Classification |
| Withdrawn status | Item status | Source of classification or shelving scheme | Damaged status | Not for loan | Vendor | Home library | Current library | Shelving location | Date acquired | Source of acquisition | Cost, normal purchase price | Serial Enumeration / chronology | Total Checkouts | Full call number | Barcode | Date last seen | Cost, replacement price | Koha item type |
|---|---|---|---|---|---|---|---|---|---|---|---|---|---|---|---|---|---|---|
| Dewey Decimal Classification | Baccah | Central Library | Central Library | Lower Floor | 07/09/2016 | Purchase | 665.00 | 2000088 | 005.1 SOF | 000033595 | 15/07/2025 | 831.25 | Book - Borrowing |